[Event "SWE-ch U20"]
[Site "Oerebro"]
[Date "2013.07.12"]
[Round "7"]
[White "Arvidsson, Rasmus"]
[Black "Bengtsson, Jessica"]
[Result "1/2-1/2"]
[WhiteElo "1870"]
[BlackElo "1917"]
[PlyCount "118"]
[EventDate "2013.07.06"]
[EventType "tourn"]
[EventRounds "9"]
[EventCountry "SWE"]
[SourceTitle "EXT 2014"]
[Source "ChessBase"]
[SourceDate "2013.11.20"]
[SourceVersion "1"]
[SourceVersionDate "2013.11.20"]
[SourceQuality "1"]

1. e4 c5 2. Nf3 Nc6 3. d4 cxd4 4. Nxd4 Nf6 5. Nc3 e5 6. Ndb5 d6 7. Bg5 a6 8. Na3 b5 9. Nd5 Be7 10. Bxf6 Bxf6 11. c4 b4 12. Nc2 a5 13. g3 0-0 14. h4 Be6 15. Nce3 Nd4 16. b3 g6 17. Bg2 Bg7 18. 0-0 Rb8 19. Kh2 f5 20. exf5 gxf5 21. Nc2 Nxc2 22. Qxc2 e4 23. Rad1 Be5 24. Kg1 Kh8 25. Qe2 Rg8 26. Qh5 Qd7 27. Rfe1 Qg7 28. Qg5 Qf7 29. Qe3 Rg7 30. Nf4 Rbg8 31. Kh2 Rg4 32. Bh3 Bxf4 33. gxf4 Rxh4 34. Rg1 Rgg4 35. Rxd6 Rxg1 36. Kxg1 Qg7+ 37. Kh2 Bg8 38. Rd8 Rh6 39. Qc5 Qg4 40. Qe5+ Qg7 41. Qxf5 Qf6 42. Qxf6+ Rxf6 43. Ra8 Kg7 44. Rxa5 Rxf4 45. Kg3 Rf3+ 46. Kg2 Rc3 47. Rg5+ Kf8 48. Re5 Rc2 49. Rxe4 Rxa2 50. Kf3 Bf7 51. Bf5 Bh5+ 52. Kg3 Rb2 53. Re3 Bd1 54. Bxh7 Bxb3 55. c5 Bd5 56. Be4 Bxe4 57. Rxe4 b3 58. c6 Rc2 59. Rb4 Rxc6 1/2-1/2